|
|
|
|
| LEADER |
00000nam0a2200000 4500 |
| 001 |
162541 |
| 005 |
20231031160416.0 |
| 035 |
|
|
|a (RuTPU)RU\TPU\book\176287
|
| 090 |
|
|
|a 162541
|
| 100 |
|
|
|a 20090623d1981 km y0rusy50 ca
|
| 101 |
0 |
|
|a rus
|
| 102 |
|
|
|a RU
|
| 105 |
|
|
|a a z 001zy
|
| 200 |
1 |
|
|a Акустическая голография
|f Л. Д. Гик
|g Академия наук СССР (АН СССР), Сибирское отделение (СО) ; под ред. Н. Н. Пузырева
|
| 210 |
|
|
|a Новосибирск
|c Наука
|d 1981
|
| 215 |
|
|
|a 64 с.
|c ил.
|
| 225 |
1 |
|
|a Наука и технический прогресс
|
| 320 |
|
|
|a Библиогр.: с. 63.
|
| 610 |
1 |
|
|a голография
|
| 610 |
1 |
|
|a голографические системы
|
| 610 |
1 |
|
|a голографические устройства
|
| 610 |
1 |
|
|a акустическая голография
|
| 610 |
1 |
|
|a звуковые волны
|
| 610 |
1 |
|
|a акустика
|
| 675 |
|
|
|a 778.4
|v 3
|
| 700 |
|
1 |
|a Гик
|b Л. Д.
|g Леонид Давидович
|
| 702 |
|
1 |
|a Пузырев
|b Н. Н.
|4 340
|
| 712 |
0 |
2 |
|a Академия наук СССР (АН СССР)
|b Сибирское отделение (СО)
|c (Новосибирск)
|2 stltpush
|3 (RuTPU)RU\TPU\col\11215
|
| 801 |
|
1 |
|a RU
|b 63413507
|c 20090623
|g PSBO
|
| 801 |
|
2 |
|a RU
|b 63413507
|c 20151211
|g RCR
|
| 942 |
|
|
|c BK
|